Kassa

Zobrazenie: katedrála, budova, fontána

Bibliographic Details
Format: Postcard
Language:Hungarian
PhysicalDescription:1 pohľadnica kolorovaná 9 x 14 cm
Published: [München Budapest Graz Kunstanstalt Kosmos s.a.]
Subjects:

MARC

LEADER 00000nkm a2200000 a 4500
001 vtls001420081
003 SK-MaSNL
005 20260512121958.0
007 kp co
008 231206n vp g 0kuhun
035 |a SNK000374915 
035 |a urn:nbn:sk:snk-km004kn8 
035 |a 11D02F21-74CA-46B3-9946-CD496E4751A4 
035 |a urn:nbn:sk:snk-kmtg4p 
040 |a SNK  |b slo  |c SNK  |e AACR2 
041 0 |a hun 
043 |a e-xo--- 
044 |a vp 
080 |a (437.6)  |2 2001 
080 |a (084.121)  |2 2001 
245 0 0 |a Kassa  |h grafika 
260 |a [München  |a Budapest  |a Graz  |b Kunstanstalt Kosmos  |c s.a.] 
300 |a 1 pohľadnica  |b kolorovaná  |c 9 x 14 cm 
520 8 |a Zobrazenie: katedrála, budova, fontána 
651 7 |a Košice (Slovensko)  |2 SNKPH  |9 18694 
655 7 |a miestne pohľadnice  |2 SNKPH  |9 70510 
852 |a Slovenská národná knižnica 
958 |a GC 
958 |a GBN 
958 |a OND 
999 |c 554391  |d 556321 
952 |t P60, <03>, [BOOK], {603}  |a SNK  |b SNK  |y PREZ  |7 0  |p 17A0315220  |o snkSP 99693  |0 0  |1 0  |4 0  |d 2001-09-10  |f 1  |l 0  |r 2005-01-02 00:00:00  |w 2026-02-23